Cocovoit, quel épisode ? #1 - Statistiques

Statistiques générales
  • Ce quiz a été pris 8 fois
  • Le résultat moyen est 2 sur 9
Statistiques - réponses
Indice de l'épisode Nom de l'épisode % Correct
Je suis l'épisode ou je me déplace en disant juste une seule phrase Sauf imprévu bien sûr
86%
Je suis l'épisode ou j'ai un mec qui s'inquiète pour un oui ou pour un non Hypocondriaque
29%
Je suis l'épisode ou je fais semblant d'impressionner une jeune fille blonde avec une mafia Miaou
29%
Je suis l'épisode ou je suis en train de parler d'un truc important mais un mec me coupe toute les deux secondes Chiant
14%
Je suis l'épisode ou je suis schizophrène sur les bords Deux contre un
14%
Je suis l'épisode ou Jean-Louis est dénoncer à la radio pour des trucs bizarres France Culture
14%
Je suis l'épisode ou je dors en voiture au lieu de regarder la route La Fatigue
14%
Je suis l'épisode ou j'ai un homme qui aime pas trop les étrangers M Comme
14%
Je suis l'épisode ou j'arrive pas à retenir ce qu'on m'a dit Les Prénoms
0%
Aucun quiz correspondant
Distribution des résultats
% des personnes avec chaque résultat
Percentile par nombre de réponses
Votre historique - résultats
Vous n’avez pas pris ce quiz